The Moorland Cottage
Maggie Browne, the daughter of a deceased clergyman, is encouraged to give up her own life and passions and devote herself to her brother Edward. Through the example and guidance of her mother, who dotes on Edward constantly, a ypung woman learns that self-sacrifice is the key to living a fulfilled li...
Na minha lista:
| Autor principal: | |
|---|---|
| Formato: | Книга |
| Assuntos: | |
| Acesso em linha: | Перейти к просмотру издания |
| Tags: |
Adicionar Tag
Sem tags, seja o primeiro a adicionar uma tag!
|
| LEADER | 01538 a2200289 4500 | ||
|---|---|---|---|
| 001 | RU/ROS-EDU.RU/84792 | ||
| 856 | 4 | |u https://www.ros-edu.ru/book?id=84792 |z Перейти к просмотру издания | |
| 010 | |a 978-5-521-06827-2 | ||
| 100 | |a 20180101d2018 |||y0rusy0250 | ||
| 105 | |a y z 000zy | ||
| 101 | 0 | |a rus | |
| 102 | |a RU | ||
| 200 | 1 | |a The Moorland Cottage |b Электронный ресурс |f E. C. Gaskell | |
| 700 | 1 | |b E. C. |a Gaskell |4 070 | |
| 330 | |a Maggie Browne, the daughter of a deceased clergyman, is encouraged to give up her own life and passions and devote herself to her brother Edward. Through the example and guidance of her mother, who dotes on Edward constantly, a ypung woman learns that self-sacrifice is the key to living a fulfilled life. How much personal happiness can one forgo in the name of duty and devotion to another? A complicated and touching story of familial bonds and the search for happiness by the talented contemporary of Charlotte Bronte. | ||
| 210 | |a Москва |c T8RUGRAM |d 2018 | ||
| 610 | 1 | |a художественная литература | |
| 610 | 1 | |a английский язык | |
| 610 | 1 | |a зарубежная проза | |
| 610 | 1 | |a классика | |
| 610 | 1 | |a семья | |
| 610 | 1 | |a самопожертвование | |
| 610 | 1 | |a брат | |
| 675 | |a 82 | ||
| 686 | |a 84 |2 rubbk | ||
| 300 | |a Книга находится в премиум-версии платформы «Русский как иностранный». | ||
| 215 | |a 148 с. | ||